000 00409nam a2200169Ia 4500
008 230524s9999 xx 000 0 und d
020 _a007114711X
082 _a5.133
_bROS
100 _aTimothy J.Ross
245 0 _aFuzzy Logic with Engineering Applications
250 _a1ST
260 _aNEW YORK
_bTMH
_c1997
300 _aXX;600
500 _aQuantity Number: 5
650 _aComp-Sc
942 _cBK
999 _c13996
_d13996